000 002740000a22000970004500
100 1 _aBuyst, Ione
245 1 0 _aLovour matinal : Ione buyst nos envolve na espiritualidade do ofício da manha
300 _aNum. 6 (Diciembre, 2001), Páginas 6-7
773 0 _tTEAR
942 _cANA
999 _c55800
_d55800